Research Methodology/ (Record no. 203056)

MARC details
000 -LEADER
fixed length control field 00781nam a22002177a 4500
005 - DATE AND TIME OF LATEST TRANSACTION
control field 20240521111450.0
010 ## - LCCN (DPL NO)
LC control number ENG-140397
020 ## - INTERNATIONAL STANDARD BOOK NUMBER
International Standard Book Number 9789392038235
Terms of availability 795.00
035 ## - SYSTEM CONTROL NUMBER
System control number EN-123929
037 ## - SOURCE OF ACQUISITION
Source of stock number/acquisition DBAD
082 ## - DEWEY DECIMAL CLASSIFICATION NUMBER
Classification number 001.42
100 ## - MAIN ENTRY--PERSONAL NAME
Personal name Khyriemmujat, Sharalyne
245 ## - TITLE STATEMENT
Title Research Methodology/
Statement of responsibility, etc Edited by Sharalyne Khyriemmujat; Badaker M. Laloo [and] Shanwel Khongwir
260 ## - PUBLICATION, DISTRIBUTION, ETC. (IMPRINT)
Place of publication, distribution, etc Assam
Name of publisher, distributor, etc EBH Publishers, an imprint of Eastern Book House
Date of publication, distribution, etc 2023
270 ## - ADDRESS
Address 136, M.L. Nehru Road, Panbazar, Guwahati
City Assam
Postal code 781001
300 ## - PHYSICAL DESCRIPTION
Extent 99 p.
Dimensions 24 cm, (hb}
700 ## - ADDED ENTRY--PERSONAL NAME
Personal name Edited by Khyriemmujat, Sharalyne
9 (RLIN) 66297
700 ## - ADDED ENTRY--PERSONAL NAME
Personal name Edited by Laloo, Badaker M
9 (RLIN) 66547
700 ## - ADDED ENTRY--PERSONAL NAME
Personal name Edited by Khongwir Shanwel
9 (RLIN) 66492
942 ## - ADDED ENTRY ELEMENTS (KOHA)
Source of classification or shelving scheme Dewey Decimal Classification
Item type English Books
Classification part 001.42
Call number suffix RES
Holdings
Withdrawn status Lost status Not for loan Collection code Home library Current library Date acquired Source of acquisition Cost, normal purchase price Full call number Barcode Copy number Cost, replacement price Koha item type
      Non-fiction Central Jail Tihar Central Jail Tihar 21/05/2024 DBAD 795.00 001.42 RES EN-123929 1 795.00 English Books

© Delhi Public Library
Hit Counter
free hit counter